Corrigé des thèmes contenus dans la grammaire anglaise / (Record no. 159207)
[ view plain ]
| 000 -LEADER | |
|---|---|
| campo de control de longitud fija | 00697nam a22002055i 4500 |
| 001 - NÚMERO DE CONTROL | |
| campo de control | 159207 |
| 003 - IDENTIFICADOR DE NÚMERO DE CONTROL | |
| campo de control | ES-MaACL |
| 005 - FECHA Y HORA DE LA ÚLTIMA TRANSACCIÓN | |
| campo de control | 20230906211504.0 |
| 008 - DATOS DE LONGITUD FIJA--INFORMACIÓN GENERAL | |
| campo de control de longitud fija | 040908s1896 gw |||| | fre d |
| 040 ## - FUENTE DE CATALOGACIÓN | |
| Centro catalogador/agencia de origen | CAM |
| Lengua de catalogación | spa |
| Centro/agencia transcriptor | CAM |
| 100 1# - ENTRADA PRINCIPAL--NOMBRE DE PERSONA | |
| Nombre de persona | Mauron, A. |
| 9 (RLIN) | 129747 |
| 245 10 - MENCIÓN DEL TÍTULO | |
| Título | Corrigé des thèmes contenus dans la grammaire anglaise / |
| Mención de responsabilidad, etc. | par A. Mauron. |
| 250 ## - MENCION DE EDICION | |
| Mención de edición | 3e éd. rev. et corr. |
| Resto de la mención de edición | par Paul Verrier. |
| 260 ## - PUBLICACIÓN, DISTRIBUCIÓN, ETC. | |
| Lugar de publicación, distribución, etc. | Heildelberg [etc.] : |
| Nombre del editor, distribuidor, etc. | Jules Gross [etc.], |
| Fecha de publicación, distribución, etc. | 1896. |
| 300 ## - DESCRIPCIÓN FÍSICA | |
| Extensión | 48 p. ; |
| Dimensiones | 20 cm. |
| 594 ## - Nota al título y mención de responsabilidad | |
| Nota al título y mención de responsabilidad | Precede al tít.: Méthode Gaspey-Otto-Sauer. |
| 650 04 - PUNTO DE ACCESO ADICIONAL DE MATERIA--TÉRMINO DE MATERIA | |
| Término de materia o nombre geográfico como elemento de entrada | Lengua inglesa- |
| Subdivisión general | Gramática. |
| 9 (RLIN) | 14277 |
| 700 1# - ENTRADA AGREGADA--NOMBRE PERSONAL | |
| Nombre de persona | Verrier, Paul. |
| 9 (RLIN) | 133651 |
| 852 ## - LOCALIZACIÓN | |
| Ubicación | ES-MaACL |
| Número de control de estantería | B-9273 |
| Nota libre | -- Enc. hol. |
| Estatus retirado | Estado de pérdida | Estado de daño | No para préstamo | Colección | Biblioteca de origen | Biblioteca actual | Ubicación en estantería | Fecha de adquisición | Fuente de adquisición | Total de préstamos | Signatura topográfica completa | Código de barras | Visto por última vez | Precio de reemplazo | Tipo de ítem Koha |
|---|---|---|---|---|---|---|---|---|---|---|---|---|---|---|---|
| Libros del s. XIX | Biblioteca del Ateneo de Madrid | Biblioteca del Ateneo de Madrid | Sala Pardo Bazán | 17/01/2008 | B-9273 | 1166665 | 23/02/2023 | 23/02/2023 | Libro impreso antiguo |
